Prúdové spracovanie veľkých dát

Guardado en:
Detalles Bibliográficos
Autor principal: Šárik, Slavomír (Autor)
Otros Autores: Bou Ezzeddine, Anna (Orientador)
Formato: Manuscrito Libro
Lenguaje:eslovaco
Publicado: 2016
Materias:
Acceso en línea:http://is.stuba.sk/zp/portal_zp.pl?podrobnosti=119327
Etiquetas: Agregar Etiqueta
Sin Etiquetas, Sea el primero en etiquetar este registro!

MARC

LEADER 00000ntm a22000003a 4500
001 stuzp59022
003 SK-STU
005 20160719155735.2
007 ta
008 150427s2015----xo-----f-mn---000-0-slo-d
040 |a STU  |b slo 
041 0 |a slo 
100 1 |a Šárik, Slavomír  |u 070200  |k Z4  |4 aut  |U FIIT Fakulta informatiky a informačných technológií  |T FIIT Ústav informatiky, informačných systémov a softvérového inžinierstva  |X 46163  |U I200  |Y 179  |7 A000046163 
242 0 1 |a Big data stream processing  |y eng 
245 1 0 |a Prúdové spracovanie veľkých dát 
260 |c 2016 
650 4 |a svr  |2 slo 
650 4 |a predikcia  |2 slo 
650 4 |a svm  |2 slo 
650 4 |a prúd dát  |2 slo 
650 4 |a svm  |2 eng 
650 4 |a svr  |2 eng 
650 4 |a stream data  |2 eng 
650 4 |a prediction  |2 eng 
700 1 |a Bou Ezzeddine, Anna  |u 070200  |k Z1  |4 ths  |U FIIT Fakulta informatiky a informačných technológií  |T FIIT Ústav informatiky, informačných systémov a softvérového inžinierstva  |X 2127  |U I200  |Y 179  |7 2127 
856 4 |u http://is.stuba.sk/zp/portal_zp.pl?podrobnosti=119327 
996 |b 8195  |c I* DIP 19/2016  |l II680  |s P  |a 0  |w stuzp59022_0001 
SQL |a stuzp59022  |b DDP  |c SLO  |d Prúdové spracovanie veľkých dát  |e 46163  |f Šárik, Slavomír  |g 070200  |h 2127  |i Bou Ezzeddine, Anna  |j 20160614  |k 205  |l 07  |m http://is.stuba.sk/zp/portal_zp.pl?podrobnosti=119327  |n I-IS2  |o 9.2.6. informačné systémy